Nová éra v rozvoji Čínskej ľudovej republiky
Prehľad prác venovaných problematike. Postavenie prezidenta Si Ťin Pchinga v čínskej spoločnosti. Nová éra v rozvoji čínskej spoločnosti. Nové priority - zvyšovanie domáceho dopytu, rast spotreby v domácej ekonomike. Čína ako globálny hráč. Projekt Hodvábnej cesty.
Gespeichert in:
| 1. Verfasser: | |
|---|---|
| Format: | Buchkapitel |
| Sprache: | Slowakisch |
| Schlagworte: | |
| Tags: |
Keine Tags, Fügen Sie das erste Tag hinzu!
|
MARC
| LEADER | 00000nla a2200000 4500 | ||
|---|---|---|---|
| 001 | 0241544 | ||
| 005 | 20240502073932.3 | ||
| 041 | 0 | |a slo | |
| 044 | |a SK | ||
| 245 | 1 | 0 | |a Nová éra v rozvoji Čínskej ľudovej republiky |c Ľudmila Lipková |
| 520 | |a Prehľad prác venovaných problematike. Postavenie prezidenta Si Ťin Pchinga v čínskej spoločnosti. Nová éra v rozvoji čínskej spoločnosti. Nové priority - zvyšovanie domáceho dopytu, rast spotreby v domácej ekonomike. Čína ako globálny hráč. Projekt Hodvábnej cesty. | ||
| 610 | 2 | 0 | |a rast hospodársky |
| 610 | 2 | 0 | |a spotreba domácností |
| 610 | 2 | 0 | |a infraštruktúra dopravná |
| 610 | 2 | 0 | |a projekty |
| 610 | 2 | 0 | |a prezidenti |
| 610 | 2 | 0 | |a komunizmus |
| 610 | 2 | 0 | |a spolupráca medzinárodná |
| 610 | 2 | 0 | |a Čína |
| 100 | 1 | |a Lipková, Ľudmila | |